00393nam a2200145Ia 4500008004100000020001500041041001200056082001600068100001800084245007700102260002500179300000800204650001800212700001700230221030s9999 xx 000 0 und d a8120303970 aEnglish a105.23bMur aR. G. Murdick 0aInformation System for Modern Managementcby R. G. Murdick, Ross, Joel E bPHIaNew Delhic2000 a466 aBE Management aRoss, Joel E